Central Library OPAC University of Rajshahi

Fungicides in plant disease control / (Record no. 37609)

MARC details
000 -LEADER
fixed length control field 00718nam a22002537a 4500
001 - CONTROL NUMBER
control field 37609
003 - CONTROL NUMBER IDENTIFIER
rucl marc code BD-RjUL
005 - DATE AND TIME OF LATEST TRANSACTION
control field 20211209052628.0
008 - FIXED-LENGTH DATA ELEMENTS--GENERAL INFORMATION
fixed length control field 140206s1993 ii ||||| |||| 001 0 eng d
020 ## - INTERNATIONAL STANDARD BOOK NUMBER
International Standard Book Number 8120407989
035 ## - SYSTEM CONTROL NUMBER
System control number (BD-RjUL)37713
040 ## - CATALOGING SOURCE
Original cataloging agency BD-RjUL
Language of cataloging eng
Transcribing agency BD-RjUL
Modifying agency BD-RjUL
041 ## - LANGUAGE CODE
Language code of text/sound track or separate title eng
082 04 - DEWEY DECIMAL CLASSIFICATION NUMBER
Edition number 22
Classification number 632.952
Author mark and year NEF 1993
100 1# - MAIN ENTRY--PERSONAL NAME
Personal name Nene, Y. L. ,
9 (RLIN) 45008
245 ## - TITLE STATEMENT
Title Fungicides in plant disease control /
Statement of responsibility, etc. Y. L. Nene and P. N. Thapliyal.
250 ## - EDITION STATEMENT
Edition statement 3rd ed.
260 ## - PUBLICATION, DISTRIBUTION, ETC. (IMPRINT)
Place of publication, distribution, etc. New Delhi :
Name of publisher, distributor, etc. Oxford & IBH pub,
Date of publication, distribution, etc. 1993.
300 ## - PHYSICAL DESCRIPTION
Pagination ix, 691 p. :
Illustrations ill. ;
Size 25 cm.
504 ## - BIBLIOGRAPHY, ETC. NOTE
Bibliography, etc Includes index.
650 #7 - SUBJECT ADDED ENTRY--TOPICAL TERM
Topical term or geographic name as entry element Fungicides.
9 (RLIN) 43570
700 1# - ADDED ENTRY--PERSONAL NAME
Personal name Thapliyal, N. P. ,
942 ## - ADDED ENTRY ELEMENTS (KOHA)
Source of classification or shelving scheme Dewey Decimal Classification
Koha item type Books
Holdings
Lost status Source of classification or shelving scheme Damaged status Not for loan Permanent Location Current Location Shelving location Date acquired Total Checkouts Full call number Date last seen Copy number Koha item type Collection code Source of acquisition Cost, normal purchase price
  Dewey Decimal Classification     Central Library, University of Rajshahi Central Library, University of Rajshahi   05/06/1999   632.952 NEF 1993 30/03/2017 C-2 Books Non-fiction Dhaka, Ankur Prakashani. 296.00
  Dewey Decimal Classification   Not For Loan Institute of Biological Sciences (IBSc) Library Institute of Biological Sciences (IBSc) Library   28/01/2015   632.952 NEF 1993 28/01/2015 C-1 Books